Seal of the Saints. (Record no. 348372)

000 -LEADER
fixed length control field 00388 a2200157 4500
020 ## - INTERNATIONAL STANDARD BOOK NUMBER
International Standard Book Number 9695190243
082 ## - DEWEY DECIMAL CLASSIFICATION NUMBER
Classification number 297.422092
090 ## - LOCALLY ASSIGNED LC-TYPE CALL NUMBER (OCLC); LOCAL CALL NUMBER (RLIN)
-- 5983
-- 5983
100 ## - MAIN ENTRY--PERSONAL NAME
Personal name Chodkiewicz,Michel.
245 ## - TITLE STATEMENT
Title Seal of the Saints.
Statement of responsibility, etc. Michel Chodkiewicz.
250 ## - EDITION STATEMENT
Edition statement 1st
260 ## - PUBLICATION, DISTRIBUTION, ETC.
Place of publication, distribution, etc. Lahore.
Name of publisher, distributor, etc. Suhail Academy.
Date of publication, distribution, etc. 2001.
300 ## - PHYSICAL DESCRIPTION
Extent 192p.
500 ## - GENERAL NOTE
General note Hardcover.
942 ## - ADDED ENTRY ELEMENTS (KOHA)
Institution code [OBSOLETE] NBS
Koha item type Book
Call number prefix 297.422092 CHO
Holdings
Withdrawn status Lost status Damaged status Not for loan Permanent Location Current Location Date acquired Total Checkouts Full call number Barcode Date last seen Date last checked out Price effective from Koha item type
        Central Library (CL) Central Library (CL) 08/28/2013 2 297.422092 CHO NBSD-1363 05/14/2022 04/18/2019 08/28/2013 Book
© 2023 Central Library, National University of Sciences and Technology. All Rights Reserved.